[Event "Mercredi 2010.09.01 ABCD"]
[Site "Montreal CAN"]
[Date "2010.09.29"]
[Round "5"]
[White "Pregent, Daniel"]
[Black "Dydak, Mateusz"]
[Result "0-1"]
[WhiteElo "1878"]
[BlackElo "1993"]
[PlyCount "56"]
[EventDate "2010.09.01"]
[EventType "tourn"]
[EventRounds "5"]
[EventCountry "CAN"]

1. d4 f5 2. Nc3 d5 3. Bf4 c6 4. e3 Nf6 5. Bd3 e6 6. Nf3 Be7 7. O-O O-O 8. Ne5
Nbd7 9. f3 Nh5 10. Nxd7 Bxd7 11. Be5 f4 12. g4 fxg3 13. hxg3 g6 14. Kg2 Bf6 15.
f4 Bxe5 16. dxe5 Qb6 17. Rh1 Ng7 18. Qf3 c5 19. Nd1 c4 20. Be2 Bc6 21. Nf2 Nf5
22. g4 Nxe3+ 23. Kh3 Nxc2 24. Qg3 Nxa1 25. g5 Qxb2 26. Bd1 d4 27. Rh2 Qc1 28.
Ng4 Qxd1 0-1

[Event "Mercredi 2010.09.01 ABCD"]
[Site "Montreal CAN"]
[Date "2010.09.29"]
[Round "5"]
[White "Sasseville, Jean"]
[Black "Morin, Louis"]
[Result "1/2-1/2"]
[WhiteElo "1976"]
[BlackElo "1857"]
[PlyCount "109"]
[EventDate "2010.09.01"]
[EventType "tourn"]
[EventRounds "5"]
[EventCountry "CAN"]

1. Nf3 d6 2. d4 Nf6 3. c4 Nbd7 4. Nc3 e5 5. e4 Be7 6. Be2 O-O 7. O-O exd4 8.
Nxd4 Re8 9. f3 c6 10. Kh1 d5 11. cxd5 cxd5 12. Nf5 dxe4 13. fxe4 Bf8 14. Bg5
Qb6 15. Nd5 Nxd5 16. Qxd5 Qe6 17. Qxe6 fxe6 18. Nd4 a6 19. Rac1 Ne5 20. Bh5 g6
21. Bd1 Bd7 22. Bb3 Rac8 23. Rxc8 Bxc8 24. Rc1 Nf7 25. Bf6 Bg7 26. Bxg7 Kxg7
27. Rc7 Kf6 28. Kg1 h6 29. Nf3 Ne5 30. Nxe5 Kxe5 31. Kf2 Kd6 32. Rh7 h5 33. Rg7
Rf8+ 34. Ke3 Rf6 35. h3 Ke5 36. g4 hxg4 37. hxg4 Rf4 38. Rc7 Rxe4+ 39. Kf3 Rf4+
40. Kg3 Rf8 41. Rc5+ Kd6 42. Rg5 Rf6 43. Bc2 Bd7 44. Rxg6 Rxg6 45. Bxg6 Ke5 46.
g5 Bb5 47. Kf3 Kd4 48. Be4 Ke5 49. Ke3 b6 50. g6 Kf6 51. Kd4 Be8 52. Bb7 Bxg6
53. Bxa6 e5+ 54. Kd5 Bf7+ 55. Kc6 1/2-1/2

[Event "Mercredi 2010.09.01 ABCD"]
[Site "Montreal CAN"]
[Date "2010.09.29"]
[Round "5"]
[White "Savard, Alain"]
[Black "Luo, Zhao Yang"]
[Result "0-1"]
[WhiteElo "1784"]
[BlackElo "1843"]
[PlyCount "81"]
[EventDate "2010.09.01"]
[EventType "tourn"]
[EventRounds "5"]
[EventCountry "CAN"]

1. e4 c6 2. d4 d5 3. exd5 cxd5 4. Nf3 Nf6 5. Bd3 Nc6 6. c3 Bg4 7. Nbd2 e6 8.
O-O Bd6 9. Qb3 Qc7 10. Re1 O-O 11. h3 Bh5 12. g4 Bg6 13. Bxg6 hxg6 14. Nf1 Ne4
15. Ng5 Nxg5 16. Bxg5 Na5 17. Qc2 b5 18. Bh4 b4 19. Bg3 Bxg3 20. Nxg3 bxc3 21.
b3 Rfc8 22. Re3 Qb6 23. Rd1 Rc7 24. Rdd3 Nc6 25. Rxc3 Nxd4 26. Qc1 Rac8 27. Kg2
Nb5 28. Rxc7 Rxc7 29. Qe1 Na3 30. Qd1 Rc2 31. Re2 Rc3 32. Rd2 Qc6 33. Ne2 Rc5
34. Nd4 Qc7 35. Qe2 e5 36. b4 Rc4 37. Nf3 e4 38. Nd4 Qe5 39. Nc2 Nb1 40. Ne3
Nxd2 41. Nxc4 0-1

[Event "Mercredi 2010.10.06 ABCD"]
[Site "Montreal CAN"]
[Date "2010.10.06"]
[Round "1"]
[White "Baran, Marius"]
[Black "Ber, Alexandre"]
[Result "1-0"]
[WhiteElo "1592"]
[BlackElo "1569"]
[PlyCount "57"]
[EventDate "2010.10.06"]
[EventType "tourn"]
[EventRounds "5"]
[EventCountry "CAN"]

1. d4 e6 2. c4 f5 3. Nf3 Nf6 4. Nc3 Be7 5. Bf4 O-O 6. e3 Bb4 7. a3 Bxc3+ 8.
bxc3 Ne4 9. Qb3 Kh8 10. Be2 d6 11. h4 b6 12. Rd1 Nd7 13. Ng5 Qe7 14. f3 Nef6
15. Kd2 e5 16. Bg3 f4 17. Bf2 fxe3+ 18. Bxe3 exd4 19. cxd4 Nh5 20. g4 Nf4 21.
Rh2 Ba6 22. Qc2 g6 23. Re1 d5 24. Bf1 Qxa3 25. h5 Qb4+ 26. Kd1 Bxc4 27. Bxc4
dxc4 28. hxg6 Nxg6 29. Rxh7+ 1-0

[Event "Mercredi 2010.10.06 ABCD"]
[Site "Montreal CAN"]
[Date "2010.10.06"]
[Round "1"]
[White "Deshetres, Michel"]
[Black "Nardone, Raul"]
[Result "1/2-1/2"]
[WhiteElo "1803"]
[BlackElo "1784"]
[PlyCount "107"]
[EventDate "2010.10.06"]
[EventType "tourn"]
[EventRounds "5"]
[EventCountry "CAN"]

1. d4 e6 2. c4 f5 3. Nc3 Nf6 4. Nf3 d5 5. e3 c6 6. Bd3 Bd6 7. O-O O-O 8. Bd2
Qe8 9. Rc1 Ne4 10. Ne5 Nd7 11. f4 Ndf6 12. Nxe4 Nxe4 13. Qe1 Rf6 14. Bb4 Bc7
15. Bxe4 fxe4 16. Ba3 a5 17. Rc2 Bd8 18. Bd6 Bd7 19. c5 Bc8 20. b3 Ra6 21. a3
Bd7 22. b4 axb4 23. axb4 Be7 24. Bxe7 Qxe7 25. Rff2 Rf8 26. Ra2 Raa8 27. Qa1
Rxa2 28. Rxa2 Be8 29. Ra7 g5 30. g3 gxf4 31. gxf4 Kh8 32. Ra2 Rg8+ 33. Rg2
Rxg2+ 34. Kxg2 Qg7+ 35. Kh1 Qh6 36. Qg1 Qh3 37. Qf2 Bh5 38. Kg1 Be8 39. Qg3 Qh6
40. Qg5 Qh3 41. Ng4 Bg6 42. Qd8+ Kg7 43. Qe7+ Bf7 44. Qf6+ Kf8 45. Qh6+ Qxh6
46. Nxh6 Bh5 47. h3 Kg7 48. Ng4 Kg6 49. Ne5+ Kf5 50. Kf2 Be8 51. Kg3 h6 52. Kh4
h5 53. Kg3 Kf6 54. h4 1/2-1/2

[Event "Mercredi 2010.10.06 ABCD"]
[Site "Montreal CAN"]
[Date "2010.10.06"]
[Round "1"]
[White "Dydak, Mateusz"]
[Black "Gauthier, Denis"]
[Result "0-1"]
[WhiteElo "1949"]
[BlackElo "1920"]
[PlyCount "73"]
[EventDate "2010.10.06"]
[EventType "tourn"]
[EventRounds "5"]
[EventCountry "CAN"]

1. e4 d6 2. f4 g6 3. d4 Bg7 4. c3 Nf6 5. Bd3 O-O 6. Nf3 c5 7. e5 Nd5 8. O-O Nc6
9. dxc5 dxe5 10. Nxe5 Nxe5 11. fxe5 Bxe5 12. Bh6 Re8 13. Qf3 Be6 14. Bb5 Qc7
15. Bxe8 Qxc5+ 16. Kh1 Rxe8 17. Nd2 Qb6 18. Nc4 Qc7 19. Nxe5 Qxe5 20. Rae1 Qd6
21. c4 Nf6 22. b3 b6 23. Bf4 Qa3 24. Be5 Nd7 25. Ba1 Qd6 26. Qe3 Bf5 27. Rd1
Qe6 28. Qh6 Ne5 29. Rfe1 f6 30. Bxe5 fxe5 31. Rd5 e4 32. Qf4 Rf8 33. h3 Bxh3
34. Qe5 Qg4 35. Rg1 Bxg2+ 36. Rxg2 Rf1+ 37. Kh2 0-1

[Event "Mercredi 2010.10.06 ABCD"]
[Site "Montreal CAN"]
[Date "2010.10.06"]
[Round "1"]
[White "Gauthier, Luc"]
[Black "Yun, Chang"]
[Result "1-0"]
[WhiteElo "1835"]
[BlackElo "1780"]
[PlyCount "75"]
[EventDate "2010.10.06"]
[EventType "tourn"]
[EventRounds "5"]
[EventCountry "CAN"]

1. e4 c5 2. Nc3 Nc6 3. f4 g6 4. Nf3 Bg7 5. Bb5 a6 6. Bxc6 bxc6 7. d3 d5 8. O-O
Nf6 9. Qe1 O-O 10. e5 Nd7 11. e6 Nb6 12. exf7+ Rxf7 13. Qh4 Bf6 14. Qf2 c4 15.
Be3 Rb8 16. d4 Bf5 17. Ne5 Bxe5 18. fxe5 Qf8 19. Qd2 h5 20. Bh6 Qe8 21. Rae1 e6
22. Re2 c5 23. dxc5 Na4 24. Nxa4 Qxa4 25. Qg5 Kh7 26. h3 Qe8 27. Ref2 Rbb7 28.
b3 Be4 29. g4 Rxf2 30. Rxf2 Rf7 31. Rf6 Rxf6 32. exf6 hxg4 33. hxg4 Kg8 34. Qe5
cxb3 35. cxb3 Qc6 36. Qb8+ Kh7 37. Qf8 Qc7 38. Qe7+ 1-0

[Event "Mercredi 2010.10.06 ABCD"]
[Site "Montreal CAN"]
[Date "2010.10.06"]
[Round "1"]
[White "Levkovsky, Alexandre"]
[Black "Tremblay, Alain"]
[Result "1-0"]
[WhiteElo "2142"]
[BlackElo "2122"]
[PlyCount "93"]
[EventDate "2010.10.06"]
[EventType "tourn"]
[EventRounds "5"]
[EventCountry "CAN"]

1. e4 d6 2. d4 Nf6 3. Nc3 g6 4. Bg5 Bg7 5. e5 dxe5 6. dxe5 Qxd1+ 7. Rxd1 Nfd7
8. Nd5 Bxe5 9. Nf3 Bd6 10. Bxe7 Bxe7 11. Nxc7+ Kf8 12. Nxa8 Bd8 13. Bc4 Kg7 14.
O-O b6 15. Rfe1 Bb7 16. Bd5 Nc6 17. Nd4 Ndb8 18. Nxc6 Nxc6 19. b4 b5 20. a4 a6
21. axb5 axb5 22. c4 bxc4 23. b5 Na5 24. Bxb7 Nxb7 25. b6 Nc5 26. Nc7 Bxc7 27.
bxc7 Rc8 28. Rd4 Rxc7 29. Rxc4 Ne6 30. Rxc7 Nxc7 31. f4 Kf6 32. Kf2 Ne6 33. Kf3
h5 34. g3 Nd4+ 35. Ke4 Nf5 36. Ra1 Nd6+ 37. Kd5 Nf5 38. Ra6+ Kg7 39. Ke4 Kg8
40. Rf6 Ne7 41. h3 Kg7 42. Ra6 Kf8 43. g4 hxg4 44. hxg4 Ng8 45. f5 gxf5+ 46.
gxf5 Nh6 47. Rxh6 1-0

[Event "Mercredi 2010.10.06 ABCD"]
[Site "Montreal CAN"]
[Date "2010.10.06"]
[Round "1"]
[White "Luo, Zhao Yang"]
[Black "Gates, Claude-Eric"]
[Result "1-0"]
[WhiteElo "1829"]
[BlackElo "1781"]
[PlyCount "129"]
[EventDate "2010.10.06"]
[EventType "tourn"]
[EventRounds "5"]
[EventCountry "CAN"]

1. d4 Nf6 2. c4 e6 3. Nf3 Bb4+ 4. Bd2 a5 5. Qc2 O-O 6. e3 Nc6 7. Nc3 b6 8. Bd3
Bb7 9. a3 Bxc3 10. Bxc3 d6 11. O-O-O d5 12. cxd5 exd5 13. h4 Ba6 14. Ne5 Bxd3
15. Rxd3 Nxe5 16. dxe5 Ne4 17. Rhd1 c6 18. Rd4 Qe7 19. Kb1 Qxe5 20. Be1 Rfc8
21. f3 Nf6 22. Qb3 h6 23. g4 Re8 24. Qxb6 Rab8 25. Qxc6 Qxe3 26. Qc3 Qe2 27.
Bg3 Rec8 28. Qd2 Qxd2 29. R1xd2 Rb3 30. R2d3 Rxd3 31. Rxd3 Rc5 32. Bd6 Rc6 33.
Be7 g5 34. hxg5 hxg5 35. Bxf6 Rxf6 36. Rxd5 Rxf3 37. Rxg5+ Kf8 38. Rxa5 Ke7 39.
b4 Kd6 40. Kb2 Kc6 41. Rf5 Rg3 42. Rxf7 Rxg4 43. Rf3 Kb5 44. Kb3 Rg1 45. Rf5+
Kb6 46. Ka4 Rg6 47. Rf4 Rh6 48. b5 Rg6 49. Kb4 Rg1 50. Rf6+ Kb7 51. a4 Rg8 52.
Rf7+ Kb8 53. b6 Rg5 54. a5 Rh5 55. Rc7 Rg5 56. Rc5 Rg1 57. Kb5 Rb1+ 58. Kc6 Rh1
59. a6 Rh6+ 60. Kb5 Rh8 61. b7 Rg8 62. Kb6 Rg6+ 63. Rc6 Rxc6+ 64. Kxc6 Ka7 65.
Kc7 1-0

[Event "Mercredi 2010.10.06 ABCD"]
[Site "Montreal CAN"]
[Date "2010.10.06"]
[Round "1"]
[White "Morin, Louis"]
[Black "Ramaswamy, Kiran"]
[Result "1-0"]
[WhiteElo "1944"]
[BlackElo "1932"]
[PlyCount "57"]
[EventDate "2010.10.06"]
[EventType "tourn"]
[EventRounds "5"]
[EventCountry "CAN"]

1. e4 c5 2. d4 cxd4 3. c3 d5 4. exd5 Qxd5 5. cxd4 Nc6 6. Nf3 Bf5 7. Nc3 Qd7 8.
d5 O-O-O 9. dxc6 Qxc6 10. Bd2 e6 11. Rc1 Kb8 12. Bf4+ Bd6 13. Bxd6+ Rxd6 14.
Nd4 Qd7 15. Ncb5 Rd5 16. Bc4 Re5+ 17. Ne2 Nf6 18. O-O a6 19. Qxd7 Nxd7 20. Nd6
Nb6 21. Nxf7 Nxc4 22. Nxe5 Nxe5 23. Nd4 Nd3 24. Rc3 Nxb2 25. Nxf5 exf5 26. Rb1
Re8 27. Rb3 Nc4 28. Rxb7+ Ka8 29. Rxg7 1-0

[Event "Mercredi 2010.10.06 ABCD"]
[Site "Montreal CAN"]
[Date "2010.10.06"]
[Round "1"]
[White "Pozdnyakov, Alexander"]
[Black "Dardoura, Khaled"]
[Result "0-1"]
[WhiteElo "1650"]
[BlackElo "1557"]
[PlyCount "50"]
[EventDate "2010.10.06"]
[EventType "tourn"]
[EventRounds "5"]
[EventCountry "CAN"]

1. f4 d5 2. Nf3 Nf6 3. e3 Bf5 4. b3 e6 5. Bb2 c5 6. Na3 Be7 7. Be2 Nc6 8. O-O
O-O 9. Nh4 Bg6 10. f5 exf5 11. Nxf5 a6 12. Nxe7+ Qxe7 13. c4 d4 14. exd4 Nxd4
15. Bxd4 cxd4 16. Nb1 Rfe8 17. Bf3 Bd3 18. a4 Bxf1 19. Kxf1 Qc7 20. g3 Re7 21.
Qc2 Qe5 22. Na3 d3 23. Qa2 Ne4 24. Rc1 Qd4 25. Bxe4 Qxe4 0-1

[Event "Mercredi 2010.10.06 ABCD"]
[Site "Montreal CAN"]
[Date "2010.10.06"]
[Round "1"]
[White "Pregent, Daniel"]
[Black "McNeil-Duval, Hugues"]
[Result "1-0"]
[WhiteElo "1761"]
[BlackElo "1513"]
[PlyCount "45"]
[EventDate "2010.10.06"]
[EventType "tourn"]
[EventRounds "5"]
[EventCountry "CAN"]

1. d4 d5 2. c4 Nf6 3. cxd5 Qxd5 4. Nf3 Bf5 5. Nc3 Qa5 6. Bd2 Qb6 7. Na4 Qd6 8.
Qb3 Nc6 9. e3 O-O-O 10. Nc5 b6 11. Ba6+ Kb8 12. Nb7 Qd7 13. Nxd8 Qxd8 14. Rc1
Be4 15. Bb5 Qd6 16. Qa4 Nd8 17. Ne5 e6 18. f3 Bb7 19. O-O c5 20. Rfd1 cxd4 21.
exd4 Nd5 22. Rc2 Nc7 23. Bf4 1-0

[Event "Mercredi 2010.10.06 ABCD"]
[Site "Montreal CAN"]
[Date "2010.10.06"]
[Round "1"]
[White "Ramaswamy, Kishor"]
[Black "Giroux, Robert"]
[Result "1-0"]
[WhiteElo "2176"]
[BlackElo "2070"]
[PlyCount "97"]
[EventDate "2010.10.06"]
[EventType "tourn"]
[EventRounds "5"]
[EventCountry "CAN"]

1. d4 Nf6 2. Nf3 b6 3. Bg5 Bb7 4. Nbd2 e6 5. e3 h6 6. Bh4 c5 7. Bd3 cxd4 8.
exd4 Be7 9. O-O Nc6 10. c3 O-O 11. a4 Nd5 12. Bxe7 Qxe7 13. Re1 Nf4 14. Bf1 d5
15. g3 Ng6 16. Bd3 Qf6 17. Qe2 Rae8 18. Ne5 Ngxe5 19. dxe5 Qe7 20. Nb3 f6 21.
f4 Na5 22. Nxa5 bxa5 23. Qe3 Ba8 24. Qd4 f5 25. b4 Qc7 26. Rec1 Rb8 27. Rab1
Qb6 28. Qxb6 axb6 29. bxa5 bxa5 30. Rb5 Rxb5 31. Bxb5 Kf7 32. c4 Rc8 33. c5 Bc6
34. Kf2 d4 35. Bxc6 Rxc6 36. Ke2 Rc8 37. Kd3 Ke7 38. c6 Rd8 39. Rc4 Rc8 40.
Kxd4 Kd8 41. Kc5 Kc7 42. Rd4 Kb8 43. Kb6 g5 44. Rd7 gxf4 45. gxf4 Re8 46. Rb7+
Kc8 47. Ra7 Kb8 48. c7+ Kc8 49. Ra8+ 1-0

[Event "Mercredi 2010.10.06 ABCD"]
[Site "Montreal CAN"]
[Date "2010.10.06"]
[Round "1"]
[White "Sasseville, Jean"]
[Black "Khudaverdian, Berj"]
[Result "0-1"]
[WhiteElo "1996"]
[BlackElo "1839"]
[PlyCount "98"]
[EventDate "2010.10.06"]
[EventType "tourn"]
[EventRounds "5"]
[EventCountry "CAN"]

1. Nf3 Nf6 2. c4 e6 3. g3 b6 4. Bg2 Bb7 5. O-O Be7 6. Nc3 O-O 7. Re1 c6 8. e4
d5 9. e5 Ne4 10. Nxe4 dxe4 11. Rxe4 c5 12. Re1 Qd3 13. Qe2 Qd7 14. Rd1 Nc6 15.
b3 Rad8 16. Bb2 Qd3 17. Qe3 Nb4 18. Ne1 Qd7 19. Bxb7 Qxb7 20. d4 cxd4 21. Bxd4
Rd7 22. Rd2 Rfd8 23. Rad1 h6 24. Bc3 Nxa2 25. Rxd7 Rxd7 26. Rxd7 Qxd7 27. Qd2
Qxd2 28. Bxd2 Nb4 29. Kf1 Nc6 30. Nd3 Ba3 31. b4 Kf8 32. b5 Nb8 33. Ke2 Nd7 34.
f4 Ke7 35. Ke3 f5 36. Kd4 Kd8 37. Bb4 Bxb4 38. Nxb4 Kc7 39. Nc6 a5 40. Kc3 g5
41. Nd4 Nc5 42. Nb3 Ne4+ 43. Kd4 gxf4 44. gxf4 h5 45. Nc1 h4 46. Nd3 a4 47. Nb4
h3 48. Na2 a3 49. Nc3 Ng3 0-1

[Event "Mercredi 2010.10.06 ABCD"]
[Site "Montreal CAN"]
[Date "2010.10.13"]
[Round "2"]
[White "Dardoura, Khaled"]
[Black "Baran, Marius"]
[Result "0-1"]
[WhiteElo "1557"]
[BlackElo "1592"]
[PlyCount "66"]
[EventDate "2010.10.06"]
[EventType "tourn"]
[EventRounds "5"]
[EventCountry "CAN"]

1. d4 d5 2. c4 e6 3. Nc3 Nf6 4. Bg5 Nbd7 5. Nf3 c6 6. e3 Qa5 7. Qc2 Ne4 8. Bf4
Bb4 9. Rc1 O-O 10. a3 Bxc3+ 11. bxc3 Qxa3 12. Bd3 Ndf6 13. O-O Qe7 14. c5 b6
15. cxb6 axb6 16. c4 Ba6 17. Ne5 Rfc8 18. Qb2 Qb7 19. f3 Nd6 20. c5 Bxd3 21.
Nxd3 Nc4 22. Qb4 b5 23. Ra1 Nh5 24. e4 Nxf4 25. Nxf4 Rxa1 26. Rxa1 Ra8 27. Qe1
h6 28. Nd3 Rxa1 29. Qxa1 b4 30. exd5 exd5 31. Qe1 b3 32. Qc3 b2 33. Nb4 b1=Q+
0-1

[Event "Mercredi 2010.10.06 ABCD"]
[Site "Montreal CAN"]
[Date "2010.10.13"]
[Round "2"]
[White "Gates, Claude-Eric"]
[Black "Deshetres, Michel"]
[Result "0-1"]
[WhiteElo "1781"]
[BlackElo "1803"]
[PlyCount "84"]
[EventDate "2010.10.06"]
[EventType "tourn"]
[EventRounds "5"]
[EventCountry "CAN"]

1. c4 e5 2. g3 Nf6 3. Bg2 Nc6 4. Nc3 Bc5 5. e3 O-O 6. Nge2 d6 7. O-O Bf5 8. d4
Bb6 9. a3 a5 10. b3 e4 11. h3 Qd7 12. Kh2 Ne7 13. Qc2 c6 14. Nxe4 Nxe4 15. Bxe4
Bxh3 16. Rh1 Bf5 17. Kg2 Bxe4+ 18. Qxe4 Ng6 19. d5 Rfe8 20. Qd3 h6 21. Bb2 Ne5
22. Bxe5 Rxe5 23. Rh4 Rae8 24. e4 Bd8 25. dxc6 bxc6 26. Rah1 Bxh4 27. Rxh4 f5
28. Nc3 fxe4 29. Nxe4 Qe7 30. f3 d5 31. cxd5 cxd5 32. Nc3 Rd8 33. Rg4 Re3 34.
Qd4 Qe5 35. Qb6 Rb8 36. Qxa5 Rxc3 37. Qa7 Rc2+ 38. Kh3 Rf8 39. f4 Qh5+ 40. Rh4
Qe2 41. Qd7 Qe4 42. b4 Qf5+ 0-1

[Event "Mercredi 2010.10.06 ABCD"]
[Site "Montreal CAN"]
[Date "2010.10.13"]
[Round "2"]
[White "Gauthier, Denis"]
[Black "Morin, Louis"]
[Result "1/2-1/2"]
[WhiteElo "1920"]
[BlackElo "1944"]
[PlyCount "74"]
[EventDate "2010.10.06"]
[EventType "tourn"]
[EventRounds "5"]
[EventCountry "CAN"]

1. d4 d5 2. c4 e6 3. Nc3 c5 4. cxd5 cxd4 5. Qa4+ Bd7 6. Qxd4 exd5 7. Qxd5 Nc6
8. Nf3 Nf6 9. Qd1 Bc5 10. e3 Qe7 11. Be2 O-O 12. a3 Rfd8 13. O-O Bf5 14. Qa4 a6
15. b4 Bd6 16. Qb3 Rac8 17. Bb2 Ne5 18. Nd4 Bg4 19. f3 Nc4 20. Bxc4 Qxe3+ 21.
Kh1 Qh6 22. f4 Bxf4 23. Rxf4 Qxf4 24. Bxf7+ Kh8 25. Ne6 Bxe6 26. Bxe6 Ng4 27.
Bxg4 Qxg4 28. Nd5 Rc6 29. Ne3 Qe2 30. Nf5 Rg6 31. Ng3 Rxg3 32. hxg3 Rd2 33. Qf3
Qxf3 34. gxf3 Rxb2 35. Rc1 h6 36. Rc7 Rb3 37. Kg2 Rxa3 1/2-1/2

[Event "Mercredi 2010.10.06 ABCD"]
[Site "Montreal CAN"]
[Date "2010.10.19"]
[Round "2"]
[White "Gauthier, Luc"]
[Black "Luo, Zhao Yang"]
[Result "0-1"]
[WhiteElo "1835"]
[BlackElo "1829"]
[PlyCount "60"]
[EventDate "2010.10.06"]
[EventType "tourn"]
[EventRounds "5"]
[EventCountry "CAN"]

1. e4 c6 2. d4 d5 3. exd5 cxd5 4. Bd3 Nf6 5. c3 Nc6 6. Bf4 Bg4 7. Qb3 Qd7 8.
Nd2 e6 9. Ngf3 a6 10. O-O Be7 11. h3 Bh5 12. Rfe1 O-O 13. Ne5 Nxe5 14. dxe5 Ne8
15. Qc2 Bg6 16. Nf3 Rc8 17. Nd4 b5 18. Qe2 Nc7 19. Rad1 b4 20. c4 Bxd3 21. Qxd3
dxc4 22. Qg3 Qa4 23. Bh6 Ne8 24. a3 Kh8 25. Bc1 bxa3 26. bxa3 Nc7 27. Qf3 Nd5
28. Re4 Nc3 29. Qxc3 Qxd1+ 30. Re1 Qd3 0-1

[Event "Mercredi 2010.10.06 ABCD"]
[Site "Montreal CAN"]
[Date "2010.10.13"]
[Round "2"]
[White "Giroux, Robert"]
[Black "Levkovsky, Alexandre"]
[Result "0-1"]
[WhiteElo "2070"]
[BlackElo "2142"]
[PlyCount "72"]
[EventDate "2010.10.06"]
[EventType "tourn"]
[EventRounds "5"]
[EventCountry "CAN"]

1. e4 e5 2. Nf3 Nf6 3. Nxe5 d6 4. Nf3 Nxe4 5. Nc3 Nxc3 6. dxc3 Be7 7. Be3 Nc6
8. Qd2 Bg4 9. Be2 O-O 10. O-O-O a5 11. h3 Bxf3 12. gxf3 Bf6 13. h4 a4 14. a3
Ra5 15. h5 Re8 16. f4 Ne7 17. Bd3 Nf5 18. Bxf5 Rxf5 19. Qd3 Qd7 20. h6 g6 21.
Qc4 b5 22. Qd3 Qe6 23. Kb1 Qc4 24. Qxc4 bxc4 25. Rhe1 Kf8 26. Kc1 Re6 27. Kb1
Ke7 28. Rd2 Rxf4 29. Red1 Rf5 30. Rd5 Rxd5 31. Rxd5 Re5 32. Rd4 Rxe3 33. fxe3
Bxd4 34. exd4 g5 35. Kc1 g4 36. Kd2 f5 0-1

[Event "Mercredi 2010.10.06 ABCD"]
[Site "Montreal CAN"]
[Date "2010.10.13"]
[Round "2"]
[White "Khudaverdian, Berj"]
[Black "Ramaswamy, Kiran"]
[Result "0-1"]
[WhiteElo "1839"]
[BlackElo "1932"]
[PlyCount "96"]
[EventDate "2010.10.06"]
[EventType "tourn"]
[EventRounds "5"]
[EventCountry "CAN"]

1. e4 c5 2. Nc3 Nc6 3. f4 d6 4. Bb5 Bd7 5. Bxc6 Bxc6 6. Nf3 Nf6 7. d3 e6 8. Be3
Be7 9. O-O b5 10. a3 a5 11. Ne2 O-O 12. Ng3 Qd7 13. f5 b4 14. Ng5 bxa3 15. Rxa3
Rab8 16. Bc1 c4 17. Rxa5 cxd3 18. cxd3 Bd8 19. Ra3 Bb6+ 20. Kh1 Bd4 21. Ra2 Rb4
22. Ne2 exf5 23. Nxd4 Rxd4 24. Be3 Rb4 25. Rxf5 Rfb8 26. Ra7 R4b7 27. Rxb7 Rxb7
28. Bd4 h6 29. Nh3 d5 30. Bxf6 gxf6 31. Qh5 Rxb2 32. Qg4+ Kh7 33. Qf3 dxe4 34.
dxe4 Qd4 35. Ng1 Bxe4 36. Ne2 Rb1+ 37. Qf1 Rxf1+ 38. Rxf1 Qd2 39. Nf4 f5 40. h3
h5 41. Kh2 h4 42. Kg1 Kh6 43. Kh2 Kg5 44. Kg1 Qxf4 45. Rxf4 Kxf4 46. Kf2 Bd5
47. Kg1 Kg3 48. Kh1 f4 0-1

[Event "Mercredi 2010.10.06 ABCD"]
[Site "Montreal CAN"]
[Date "2010.10.13"]
[Round "2"]
[White "Pregent, Daniel"]
[Black "Pozdnyakov, Alexander"]
[Result "0-1"]
[WhiteElo "1761"]
[BlackElo "1650"]
[PlyCount "64"]
[EventDate "2010.10.06"]
[EventType "tourn"]
[EventRounds "5"]
[EventCountry "CAN"]

1. d4 f5 2. c4 e6 3. Nf3 Nf6 4. e3 b6 5. b3 Bb7 6. Ba3 Bxa3 7. Nxa3 O-O 8. Bd3
Ne4 9. Rc1 d6 10. Nb5 Nd7 11. b4 a6 12. Nc3 Ndf6 13. h3 Qe8 14. d5 e5 15. Bxe4
fxe4 16. Nd2 Qg6 17. g4 Bc8 18. Qc2 Qg5 19. Ndxe4 Qh4 20. Ng3 Bd7 21. Nce4 Rf7
22. Kf1 Nxe4 23. Nxe4 Bxg4 24. hxg4 Qxh1+ 25. Ke2 Qf3+ 26. Kd3 Qxg4 27. Rh1 g6
28. Kc3 Raf8 29. a4 Qf3 30. Rh6 Qg4 31. Kb3 Qg2 32. Ng3 Kg7 0-1

[Event "Mercredi 2010.10.06 ABCD"]
[Site "Montreal CAN"]
[Date "2010.10.13"]
[Round "2"]
[White "Sasseville, Jean"]
[Black "Dydak, Mateusz"]
[Result "1-0"]
[WhiteElo "1996"]
[BlackElo "1949"]
[PlyCount "91"]
[EventDate "2010.10.06"]
[EventType "tourn"]
[EventRounds "5"]
[EventCountry "CAN"]

1. Nf3 f5 2. d4 Nf6 3. c4 g6 4. g3 Bg7 5. Bg2 d6 6. O-O O-O 7. Nc3 Qe8 8. d5
Na6 9. Be3 b6 10. Qd2 Ng4 11. Bd4 Nf6 12. e4 e5 13. dxe6 fxe4 14. Ng5 Bxe6 15.
Nxe6 Qxe6 16. Rae1 Rae8 17. Nxe4 Nxe4 18. Rxe4 Qf5 19. Rfe1 Rxe4 20. Bxe4 Qd7
21. Qc3 Rd8 22. Bd5+ Kh8 23. f4 h5 24. Bxg7+ Qxg7 25. Qxg7+ Kxg7 26. Re7+ Kh6
27. h4 b5 28. b3 bxc4 29. bxc4 Nb4 30. Be4 d5 31. cxd5 Nxd5 32. Re6 Kg7 33.
Rxg6+ Kf7 34. Rc6 Rd6 35. Bxd5+ Rxd5 36. Rxc7+ Kf6 37. Rxa7 Kf5 38. Rg7 Ke4 39.
Kg2 Rd2+ 40. Kh3 Kf3 41. Ra7 Rd1 42. Ra3+ Kf2 43. Kh2 Rg1 44. Rf3+ Kxf3 45.
Kxg1 Kxg3 46. f5 1-0

[Event "Mercredi 2010.10.06 ABCD"]
[Site "Montreal CAN"]
[Date "2010.10.13"]
[Round "2"]
[White "Yun, Chang"]
[Black "Nardone, Raul"]
[Result "0-1"]
[WhiteElo "1780"]
[BlackElo "1784"]
[PlyCount "62"]
[EventDate "2010.10.06"]
[EventType "tourn"]
[EventRounds "5"]
[EventCountry "CAN"]

1. e4 c5 2. Nf3 e6 3. d4 cxd4 4. Nxd4 a6 5. c4 Nc6 6. a3 Qb6 7. Nxc6 dxc6 8.
Be2 e5 9. O-O Be6 10. Qc2 Bc5 11. Nc3 Bd4 12. Na4 Qc7 13. c5 Nf6 14. Nb6 Rb8
15. Be3 Bxe3 16. fxe3 O-O 17. b4 Nd7 18. Nc4 Bxc4 19. Bxc4 Nf6 20. Rf5 Rbd8 21.
Raf1 Kh8 22. Qf2 Qe7 23. Qh4 Rd7 24. g4 Nxe4 25. g5 Nd2 26. R1f2 e4 27. Be2 Rd5
28. Bg4 Nf3+ 29. Bxf3 Rxf5 30. Bxe4 Rxg5+ 31. Kf1 Rg1+ 0-1

[Event "Mercredi 2010.10.06 ABCD"]
[Site "Montreal CAN"]
[Date "2010.10.20"]
[Round "3"]
[White "Baran, Marius"]
[Black "Pregent, Daniel"]
[Result "1/2-1/2"]
[WhiteElo "1592"]
[BlackElo "1761"]
[PlyCount "85"]
[EventDate "2010.10.06"]
[EventType "tourn"]
[EventRounds "5"]
[EventCountry "CAN"]

1. d4 Nf6 2. c4 e6 3. Nf3 b6 4. g3 Bb7 5. Bg2 Be7 6. O-O O-O 7. Nc3 d5 8. Nd2
c5 9. dxc5 bxc5 10. Qb3 Qb6 11. cxd5 exd5 12. Rd1 Rd8 13. Qxb6 axb6 14. Nc4 Ra6
15. Bf4 Bc6 16. Bxb8 Rxb8 17. Nxd5 Nxd5 18. Bxd5 Be8 19. a3 b5 20. Nd2 Kf8 21.
e4 Bd7 22. Rac1 c4 23. e5 Bf5 24. Be4 Be6 25. Kf1 h5 26. f4 f5 27. Bg2 h4 28.
Nf3 hxg3 29. hxg3 Ra7 30. Nd4 Bd7 31. e6 Be8 32. Nxf5 Bf6 33. Rd2 b4 34. axb4
Rxb4 35. Kg1 Bxb2 36. Rcc2 Bf6 37. e7+ Rxe7 38. Nxe7 Kxe7 39. Re2+ Kf8 40. Bd5
c3 41. Kf2 Bg6 42. Rc1 c2 43. Rexc2 1/2-1/2

[Event "Mercredi 2010.10.06 ABCD"]
[Site "Montreal CAN"]
[Date "2010.10.20"]
[Round "3"]
[White "Ber, Alexandre"]
[Black "Dardoura, Khaled"]
[Result "0-1"]
[WhiteElo "1569"]
[BlackElo "1557"]
[PlyCount "48"]
[EventDate "2010.10.06"]
[EventType "tourn"]
[EventRounds "5"]
[EventCountry "CAN"]

1. d4 d5 2. c4 Nc6 3. e3 Nf6 4. Nc3 Bf5 5. a3 e6 6. Bd3 Bxd3 7. Qxd3 Be7 8. Nf3
O-O 9. O-O Na5 10. cxd5 exd5 11. b4 Nb3 12. Rb1 Nxc1 13. Rfxc1 c6 14. Na4 Nd7
15. Nc5 Nxc5 16. bxc5 Rb8 17. Rb2 Qc7 18. Rcb1 b6 19. cxb6 Rxb6 20. a4 Rfb8 21.
Qc2 Qd6 22. Kf1 Qa3 23. Rxb6 axb6 24. Qxc6 Qd3+ 0-1